National Geographic kids : (Record no. 283329)
[ view plain ]
| 000 -LEADER | |
|---|---|
| fixed length control field | 00424nam a2200133Ia 4500 |
| 008 - FIXED-LENGTH DATA ELEMENTS--GENERAL INFORMATION | |
| fixed length control field | 150223s9999 xx 000 0 und d |
| 020 ## - INTERNATIONAL STANDARD BOOK NUMBER | |
| International Standard Book Number | 9781426305016 |
| 050 ## - LIBRARY OF CONGRESS CALL NUMBER | |
| Classification number | AY 81.J8 |
| Item number | .W893 2010 |
| 100 ## - MAIN ENTRY--PERSONAL NAME | |
| Personal name | National Geographic. |
| 245 ## - TITLE STATEMENT | |
| Title | National Geographic kids : |
| Remainder of title | almanac 2010 / |
| 260 ## - PUBLICATION, DISTRIBUTION, ETC. (IMPRINT) | |
| Place of publication, distribution, etc | USA : |
| Name of publisher, distributor, etc | National Geographic Society, |
| Date of publication, distribution, etc | 2010 |
| 300 ## - PHYSICAL DESCRIPTION | |
| Extent | 352 pages : |
| Other physical details | Colored, Illustration ; |
| Dimensions | 23 cm. |
| 504 ## - BIBLIOGRAPHY, ETC. NOTE | |
| Bibliography, etc | Includes Index. |
No items available.